| 000 | 00947nam2a2200253 4500 | ||
|---|---|---|---|
| 001 | RU\NLR\bibl\1705018 | ||
| 005 | 20250616062930.0 | ||
| 010 |
_a978-5-699-43748-1 _97000 |
||
| 021 |
_aRU _b2010-2754и |
||
| 035 | _a(NLR Aleph) 001696077 | ||
| 090 |
_a1190955 _c1190955 |
||
| 100 | _a20101124d2010 |||y0rusy50 ca | ||
| 101 | 1 |
_arus _cund |
|
| 102 | _aRU | ||
| 105 | _aa ||||||||| | ||
| 200 | 0 |
_aКн. 3 _fпер.: Жанна Неясова |
|
| 210 |
_d2010 _aБ. м. |
||
| 215 |
_a195, [4] с., [1] л. цв. ил. _cил. |
||
| 461 | 0 |
_1001RU\NLR\bibl\1515278 _12001#$aПожиратели призраков$vКн. 3 _954230 _cМосква _d2009 _fтекст и рис. Сакурако Гоуракуин _nЭксмо _o[манга в оригинальном формате] _tПожиратели призраков _vКн. 3 |
|
| 801 | 0 |
_aRU _bNLR _c20101124 _gRCR |
|
| 801 | 1 |
_aRU _bNLR _c20101124 |
|
| 942 | _cBOOK | ||
| 980 | _aNB | ||